000
00274nam a2200109Ia 4500
008
191201s2019 xx 000 0 und d
100
_a
SINGH, Sadhu
245
0
_a
Fluid Machinery Hydraulic Machines
260
_b
Khanna Publisher
_a
New Delhi
300
_a
466
942
_2
ddc
_c
BK
999
_c
8189
_d
8189